<?xml version="1.0" encoding="UTF-8"?>
<record
    xmlns:xsi="http://www.w3.org/2001/XMLSchema-instance"
    xsi:schemaLocation="http://www.loc.gov/MARC21/slim http://www.loc.gov/standards/marcxml/schema/MARC21slim.xsd"
    xmlns="http://www.loc.gov/MARC21/slim">

  <leader>03751cam a22003374a 4500</leader>
  <controlfield tag="001">12594495</controlfield>
  <controlfield tag="003">OSt</controlfield>
  <controlfield tag="005">20111006084325.0</controlfield>
  <controlfield tag="008">011120s2002    enk      b    001 0 eng  </controlfield>
  <datafield tag="010" ind1=" " ind2=" ">
    <subfield code="a">  2001058772</subfield>
  </datafield>
  <datafield tag="020" ind1=" " ind2=" ">
    <subfield code="a">0333691288</subfield>
  </datafield>
  <datafield tag="040" ind1=" " ind2=" ">
    <subfield code="a">DLC</subfield>
    <subfield code="c">DLC</subfield>
    <subfield code="d">DLC</subfield>
  </datafield>
  <datafield tag="042" ind1=" " ind2=" ">
    <subfield code="a">pcc</subfield>
  </datafield>
  <datafield tag="043" ind1=" " ind2=" ">
    <subfield code="a">a-ii---</subfield>
  </datafield>
  <datafield tag="050" ind1="0" ind2="0">
    <subfield code="a">DS 436</subfield>
    <subfield code="b">.R63 2002</subfield>
  </datafield>
  <datafield tag="082" ind1="0" ind2="0">
    <subfield code="a">954</subfield>
    <subfield code="2">21</subfield>
  </datafield>
  <datafield tag="100" ind1="1" ind2=" ">
    <subfield code="a">Robb, Peter</subfield>
    <subfield code="q">(Peter G.)</subfield>
    <subfield code="9">10287</subfield>
  </datafield>
  <datafield tag="245" ind1="1" ind2="2">
    <subfield code="a">A history of India /</subfield>
    <subfield code="c">Peter Robb.</subfield>
  </datafield>
  <datafield tag="260" ind1=" " ind2=" ">
    <subfield code="a">Houndmills, Basingstoke, Hampshire ;</subfield>
    <subfield code="a">New York :</subfield>
    <subfield code="b">Palgrave,</subfield>
    <subfield code="c">2002.</subfield>
  </datafield>
  <datafield tag="300" ind1=" " ind2=" ">
    <subfield code="a">xiii, 344 p. ;</subfield>
    <subfield code="c">24 cm.</subfield>
  </datafield>
  <datafield tag="440" ind1=" " ind2="0">
    <subfield code="a">Palgrave essential histories</subfield>
    <subfield code="9">10288</subfield>
  </datafield>
  <datafield tag="504" ind1=" " ind2=" ">
    <subfield code="a">Includes bibliographical references and index.</subfield>
  </datafield>
  <datafield tag="505" ind1="8" ind2=" ">
    <subfield code="a">Machine generated contents note: 1 Introduction: Region and Civilization 1 -- India and its history - Rule - Region and unity - -- Belief- Customs: the problem of caste - Islam and -- Indian plurality - Environment, technology and -- socio-economic change -- 2 Early India 27 -- Cultures and peoples - Land - Social order - -- Communities - Kingship - Invasions and empires - -- Culture and its transmission - Production (slaves, rice -- and bankers) - Empires, religions and regions -- 3 Mediaeval India 55 -- Regionalism - Empires: the Delhi sultans - Empires: -- Vijayanagara - Statecraft - Kings and sultans - -- Lords, officials and localities - Culture and belief- -- Production and society - Region versus empire -- 4 Early Modern India I: Mughals and Marathas 81 -- The Mughals - Mughal rule - Early modern society -- and economy - Eighteenth-century politics - -- Merchants and states - Rival economies on the eve -- of conquest - Administration, 1580-1765: some -- comparisons -- 5 Early Modern India II: Company Raj 116 -- The East India Company in Madras and Calcutta - -- The Company's rise to power - Revenue settlements -- under the Company - Transitions, 1770s to 1860s: -- trade - Law - Education - Features of Company -- rule - Some early modern Indian responses -- 6 Modem India I: Government 148 -- Modern government - Councils and departments - -- Financial problems - Benevolence and intervention - -- Policy goals: Britain and India - Political policies -- under colonialism - Decolonization -- 7 Modern India II: Politics 177 -- Modern politics - The Indian National Congress - -- Political Islam - Popular protest - Popular -- nationalism - Communal separatism - Partition - -- Community and class - The aftermath of colonialism - -- Roads to independence and to modern politics -- 8 Modern India III: Society 218 -- Categorizations - New environments: Calcutta - -- Caste and class - Low-caste movements - Islam - -- Hindu and Sikh religious movements - Women - -- The British raj and after -- 9 Modern India IV: Economy 246 -- Decline and European dominance - Values, -- de-industrialization, dualism, economic decline - -- Agriculture - Rural labour regimes - The 'landless' - -- The 'landed' - Land control - The use of credit - -- Access to the market - Purchasing power - -- Differentiation - Food and health - Colonial legacies -- 10 Epilogue: After Modernity? 296 -- Caste, community and nation - A Hindu India? - -- Transitions and prospects.</subfield>
  </datafield>
  <datafield tag="651" ind1=" " ind2="0">
    <subfield code="a">India</subfield>
    <subfield code="x">History.</subfield>
    <subfield code="9">10289</subfield>
  </datafield>
  <datafield tag="856" ind1="4" ind2="2">
    <subfield code="3">Contributor biographical information</subfield>
    <subfield code="u">http://www.loc.gov/catdir/bios/hol051/2001058772.html</subfield>
  </datafield>
  <datafield tag="856" ind1="4" ind2="2">
    <subfield code="3">Publisher description</subfield>
    <subfield code="u">http://www.loc.gov/catdir/description/hol031/2001058772.html</subfield>
  </datafield>
  <datafield tag="856" ind1="4" ind2="1">
    <subfield code="3">Table of contents</subfield>
    <subfield code="u">http://www.loc.gov/catdir/toc/fy033/2001058772.html</subfield>
  </datafield>
  <datafield tag="906" ind1=" " ind2=" ">
    <subfield code="a">7</subfield>
    <subfield code="b">cbc</subfield>
    <subfield code="c">orignew</subfield>
    <subfield code="d">1</subfield>
    <subfield code="e">ocip</subfield>
    <subfield code="f">20</subfield>
    <subfield code="g">y-gencatlg</subfield>
  </datafield>
  <datafield tag="942" ind1=" " ind2=" ">
    <subfield code="2">lcc</subfield>
    <subfield code="c">BK</subfield>
  </datafield>
  <datafield tag="999" ind1=" " ind2=" ">
    <subfield code="c">52705</subfield>
    <subfield code="d">52679</subfield>
  </datafield>
  <datafield tag="952" ind1=" " ind2=" ">
    <subfield code="0">0</subfield>
    <subfield code="1">0</subfield>
    <subfield code="2">lcc</subfield>
    <subfield code="4">0</subfield>
    <subfield code="7">0</subfield>
    <subfield code="8">GEN</subfield>
    <subfield code="a">CPL</subfield>
    <subfield code="b">CPL</subfield>
    <subfield code="c">GEN</subfield>
    <subfield code="d">2011-10-06</subfield>
    <subfield code="g">35.00</subfield>
    <subfield code="l">0</subfield>
    <subfield code="o">DS 436 .R63 2002</subfield>
    <subfield code="p">R47183K3232</subfield>
    <subfield code="r">2019-09-02 00:00:00</subfield>
    <subfield code="t">1</subfield>
    <subfield code="w">2011-10-06</subfield>
    <subfield code="y">BK</subfield>
  </datafield>
</record>
